000
00236nmm a2200085Ia 4500
008
220120s9999||||xx |||||||||||||||||und||
100
_a
Chip
245
0
_a
Red hat system, multimedia, mobile 5 free full games, game d
260
_a
Infomedia18
999
_c
139821
_d
139821